书目信息 |
| 题名: |
国际法大纲
|
|
| 作者: | 周鲠生 著 ;周莉 勘校 | |
| 分册: | ||
| 出版信息: | 北京 中国方正出版社 2004 |
|
| 页数: | 243页 | |
| 开本: | 21cm | |
| 丛书名: | 华东政法学院珍藏民国法律名著丛书 | |
| 单 册: | ||
| 中图分类: | D990 | |
| 科图分类: | ||
| 主题词: | 国际法--1911--1949 | |
| 电子资源: | ||
| ISBN: | 7-80107-856-X | |
| 000 | 01174nam0 2200337 450 | |
| 000 | 01137nam0 2200325 450 | |
| 000 | 01134nam0 2200337 450 | |
| 000 | 01080nam0 2200313 450 | |
| 000 | 01098nam0 2200301 450 | |
| 000 | 01061nam0 2200289 45 | |
| 001 | TS-133954 | |
| 005 | 20061226172947.40 | |
| 010 | @a7-80107-856-X@dCNY16.00 | |
| 100 | @a20060829d2004 em y0chiy0110 ea | |
| 101 | 0 | @achi |
| 102 | @aCN@b110000 | |
| 105 | @ay z 000yy | |
| 200 | 1 | @a国际法大纲@AGuo Ji Fa Da Gang@f周鲠生著@FZhou Geng Sheng Zhu@g周莉勘校 |
| 210 | @a北京@c中国方正出版社@d2004 | |
| 215 | @a243页@d21cm | |
| 225 | 2 | @a华东政法学院珍藏民国法律名著丛书 |
| 330 | @a本书共22章,导论主要讲述了国际法的意义、历史发展、根据等。本论分成两大部分,第一部分是实体法,第二部分是程序法。 | |
| 410 | 0 | @12001 @a华东政法学院珍藏民国法律名著丛书 |
| 606 | 0 | @a国际法@x1911--1949 |
| 690 | @aD990@v4 | |
| 701 | 0 | @a周鲠生@AZhou Geng Sheng@f(1889~1971)@4著 |
| 702 | 0 | @a周莉@AZhou Li@c(法学)@4勘校 |
| 801 | 0 | @aCN@b中图数据@c20061226 |
| 905 | @a10447@dD990@e75 | |
| 国际法大纲/周鲠生著/周莉勘校.-北京:中国方正出版社,2004 |
| 243页;21cm.-(华东政法学院珍藏民国法律名著丛书) |
| ISBN 7-80107-856-X:CNY16.00 |
| 本书共22章,导论主要讲述了国际法的意义、历史发展、根据等。本论分成两大部分,第一部分是实体法,第二部分是程序法。 |
| ● |
| 相关链接 |
|
|
|
|
正题名:国际法大纲
索取号:D990/75
 
预约/预借
| 序号 | 登录号 | 条形码 | 馆藏地/架位号 | 状态 | 备注 |
| 1 | 0609068 | 206090683 | 第一样本阅览室/ [索取号:D990/75] | 在馆 | |
| 2 | 0609069 | 206090692 | 第一借阅区/ [索取号:D990/75] | 在馆 | |
| 3 | 0609070 | 206090709 | 第一借阅区/ [索取号:D990/75] | 在馆 | |
| 4 | 0609071 | 206090718 | 第一借阅区/ [索取号:D990/75] | 在馆 | |
| 5 | 0609072 | 206090727 | 第一借阅区/ [索取号:D990/75] | 在馆 |